QCM Hogwarts Legacy (moyen, français) - Statistiques

Statistiques générales
  • Ce quiz a été pris 203 fois
  • Le résultat moyen est 8 sur 10
Statistiques - réponses
Question Réponse % Correct
Quelle est la personne qui vous propose de battre son record de vitesse sur balai ? Imelda Reyes
94%
Qui est Garreth Weasley par rapport à Matilda Weasley ? Son neveu
94%
Où allons-nous dans la quête de Richard Choucas quand on fait partie de la maison Poufsouffle ? Dans la prison Azkaban
89%
Quel était le précédent métier du professeur de potions ? Auror
83%
Quels sorts nous enseigne le professeur Esope Sharp dans le jeu ? Repulso et Diffindo
82%
Qui sont Arn et Bella? Des marchands
76%
Qui est Charles Rookwood ? Un ancien professeur de Poudlard
76%
Dans une quête, un portrait dans la bibliothèque vous demande de l'aide car un de ses autres cadres a été volé. Quel est le nom de ce portrait ? Ferdinand Octavius Pratt
64%
A quelle maison appartient Adelaïde Duchêne ? Poufsouffle
59%
A quelle date est sortie le jeu Hogwarts Legacy sur PS5, P, Xbox ? 10/02/2023
39%
Aucun quiz correspondant
Distribution des résultats
% des personnes avec chaque résultat
Percentile par nombre de réponses
Votre historique - résultats
Vous n’avez pas pris ce quiz